Ukazovatele hodnotenia úrovne nákladov

Problematika nákladov. Charakterizácia pojmu náklady z rôznych pohľadov. Tri najčastejšie využívané pomerové ukazovatele hodnotenia úrovne nákladov – nákladovosť, nákladová účinnosť a rentabilita nákladov.

Guardado en:
Detalles Bibliográficos
Autor principal: Meheš, Marek
Otros Autores: Staško, Martin, 1984-, Moravec, Ladislav
Formato: Capítulo de libro
Lenguaje:eslovaco
Materias:
Etiquetas: Agregar Etiqueta
Sin Etiquetas, Sea el primero en etiquetar este registro!

MARC

LEADER 00000naa$a2200000$$$4500
001 0267896
005 20240502074213.4
041 0 |a slo 
044 |a SK 
245 1 0 |a Ukazovatele hodnotenia úrovne nákladov  |c Marek Meheš, Martin Staško, Ladislav Moravec 
520 |a Problematika nákladov. Charakterizácia pojmu náklady z rôznych pohľadov. Tri najčastejšie využívané pomerové ukazovatele hodnotenia úrovne nákladov – nákladovosť, nákladová účinnosť a rentabilita nákladov. 
610 2 0 |a náklady 
610 2 0 |a dane 
610 2 0 |a faktory výrobné 
610 2 0 |a spotreba 
610 2 0 |a účtovníctvo finančné 
100 1 |a Meheš, Marek 
700 1 |a Staško, Martin, 1984- 
700 1 |a Moravec, Ladislav